| 000 | 00459nam a22002057a 4500 | ||
|---|---|---|---|
| 005 | 20231010114948.0 | ||
| 008 | 170719b xxu||||| |||| 00| 0 spa d | ||
| 041 | _aspa | ||
| 082 | _a155.23 C672b | ||
| 100 | _aCoelho, Paulo | ||
| 245 | _aBrida | ||
| 260 | _aMéxico | ||
| 260 | _bGrijalbo | ||
| 260 | _c2000 | ||
| 300 | _a263 páginas | ||
| 650 | _aPERSONALIDAD | ||
| 650 | _a PLAN DE VIDA | ||
| 650 | _a SUPERACIÓN PERSONAL | ||
| 942 |
_cLIT _2ddc |
||
| 999 |
_c9648 _d9648 |
||